000 00295nam a2200109Ia 4500
008 190216s9999||||xx |||||||||||||| ||und||
100 _aRobert N Antony & James S Reece
245 0 _aManagement Accounting Principles
260 _bTaraporevala Sons&Co. Ltd
_c1977
300 _a555p
942 _cBK
999 _c4067
_d4067